000 00330nam a22001457a 4500
008 210514b ||||| |||| 00| 0 eng d
020 _a9781618533135
041 _aeng
080 _a330.722.6
082 _a330.722.6
100 _a61
101 _aKF
245 _aIntermediate Accounting
_cMichelle Hanlon
942 _2udc
_cBK
999 _c57359
_d57359